| 000 | 01081nam a2200253Ia 4500 | ||
|---|---|---|---|
| 008 | 0000002006 usad 0000000000eng00 | ||
| 020 | _a897973003 | ||
| 090 | _aPUS00 A17a1 | ||
| 245 | 1 | 0 |
_aAaron Parazette _b: all on up _c/ editor Janis Gardner Cecil |
| 300 |
_a12 p. _c/ 19 cm. |
||
| 500 | _aExposición realizada en Marlborough Chelsea, New York, abril 19 mayo 20, 2006 \ Incluye cronología del artista \ Proyecto Ganador Programa Apoyos Concertados FGAA 2010 | ||
| 501 | _aAaron Parazette's word paintings / Mark Flood | ||
| 505 | _aOBRAS : Jet Butter Aggro Unstuck Way Sick Insane Juice Dredger Surf cat Kooks Thruster | ||
| 600 | 0 | 0 |
_aPARAZETTE, AARON, 1960/ _xTRABAJOS PICTORICOS |
| 650 | 1 | 4 | _aARTE CONTEMPORANEO ESTADOUNIDENSE |
| 650 | 1 | 4 | _aARTISTAS PLASTICOS ESTADOUNIDENSES |
| 650 | 1 | 4 | _xCATALOGOS |
| 650 | 1 | 4 | _xEXPOSICIONES |
| 650 | 1 | 4 | _aPINTORES ESTADOUNIDENSES |
| 650 | 1 | 4 | _aPINTURA ACRILICA (ARTE) |
| 650 | 1 | 4 | _aPINTURA ESTADOUNIDENSE |
| 700 | 1 | _aGardner Cecil, Janis | |
| 999 |
_c11905 _d11905 |
||
| 260 |
_aNew York : Marlborough Chelsea _c2006 |
||